Komparácia produktov elektronického bankovníctva vo vybraných bankách v SR diplomová práca

Gespeichert in:
Bibliographische Detailangaben
1. Verfasser: Magačová, Monika
Körperschaft: Národohospodárska fakulta EU. Katedra bankovníctva a medzinárodných financií
Weitere Verfasser: Lennerová, Ivana, 1979-
Format: Buch
Sprache:Slowakisch
Veröffentlicht: Bratislava 2017
Tags: Tag hinzufügen
Keine Tags, Fügen Sie das erste Tag hinzu!

MARC

LEADER 00000nbm a2200000 4500
001 0231753
005 20180112120800.4
041 0 |a slo 
044 |a SK 
245 1 0 |a Komparácia produktov elektronického bankovníctva vo vybraných bankách v SR  |b diplomová práca  |c Monika Magačová ; školiteľ: Ivana Lennerová 
264 1 |a Bratislava  |c 2017 
300 |a 104 s. 
100 1 |a Magačová, Monika 
700 1 |a Lennerová, Ivana, 1979- 
710 2 |a Národohospodárska fakulta EU. Katedra bankovníctva a medzinárodných financií